| Tag |
First Indicator |
Second Indicator |
Subfields |
| LEADER |
00000cam a2200000 a 4500 |
| 001 |
in00000008116 |
| 005 |
20151002070142.0 |
| 008 |
861125s1987 nyubf b 00110 eng |
| 010 |
|
|
|a 86046121
|
| 020 |
|
|
|a 0394559428 :
|c $17.95
|
| 035 |
|
|
|a (OCoLC)14967176
|
| 035 |
|
|
|9 AAA0473AM
|
| 040 |
|
|
|a DLC
|c DLC
|d TXA
|d UtOrBLW
|
| 043 |
|
|
|a r------
|
| 050 |
0 |
0 |
|a G606
|b .H35 1987
|
| 082 |
0 |
|
|a 919.8
|2 19
|
| 100 |
1 |
|
|a Hall, Sam.
|
| 245 |
1 |
4 |
|a The fourth world :
|b the heritage of the Arctic and its destruction /
|c Sam Hall.
|
| 264 |
|
1 |
|a New York :
|b Knopf,
|c 1987.
|
| 300 |
|
|
|a x, 240 pages, 4 unnumbered pages of plates :
|b maps ;
|c 24 cm.
|
| 336 |
|
|
|a text
|b txt
|2 rdacontent
|
| 337 |
|
|
|a unmediated
|b n
|2 rdamedia
|
| 338 |
|
|
|a volume
|b nc
|2 rdacarrier
|
| 504 |
|
|
|a Bibliography: pages [234]-237.
|
| 500 |
|
|
|a Includes index.
|
| 651 |
|
0 |
|a Arctic regions.
|
| 999 |
|
|
|a MARS
|
| 999 |
f |
f |
|s aeaf9825-35a5-3f5e-b401-a684902a032d
|i 08d64161-1140-3d4b-a695-bea0387501db
|t 0
|
| 952 |
f |
f |
|p ric
|a Texas A&M University
|b Rellis Campus
|c Joint Library Facility
|d Remote Storage
|t 0
|e G606 .H35 1987
|h Library of Congress classification
|i unmediated -- volume
|m A14812628188
|
| 998 |
f |
f |
|a G606 .H35 1987
|t 0
|l Remote Storage
|